Yo-Kai Watch 2 All Slippery Tribe Yo-kai - Statistics

General Stats
  • This quiz has been taken 5 times
  • The average score is 20 of 43
Answer Stats
Picture Answer % Correct
Cynake
100%
Daiz
100%
Draggie
100%
Noko
100%
Pandanoko
100%
Robodraggie
100%
Robonoko
100%
Shadow Venoct
100%
Spenp
100%
Venoct
100%
Babblong
67%
Bloominoko
67%
Cricky
67%
Heheheel
67%
Lady Longnek
67%
Shrook
67%
SV Snaggerjag
67%
Azure Dragon
33%
Bananose
33%
Chummer
33%
Confuze
33%
Draaagin
33%
Dragon Lord
33%
Firewig
33%
Fishpicable
33%
Flushback
33%
Irewig
33%
Mermadonna
33%
Mermaidyn
33%
Mermother
33%
Snaggly
33%
Takoyaking
33%
Urnaconda
33%
Vacuumory
33%
Almi
0%
Copperled
0%
Croonger
0%
Rageon
0%
Slitheref
0%
Slurpent
0%
Takoyakid
0%
Tunatic
0%
Whinona
0%
No matching quizzes found
Score Distribution
Percent of People with Each Score
Percentile by Number Answered
Your Score History
You have not taken this quiz